| 000 | 01043nam a2200301 a 4500 | ||
|---|---|---|---|
| 999 |
_c6688 _d6688 |
||
| 001 | 6688 | ||
| 003 | BD-JhCC | ||
| 005 | 20180918082529.0 | ||
| 008 | 761026s1975 bg b 000 0 eng d | ||
| 020 | _cRs30.00 ($3.00 U.S.) | ||
| 035 | _a(BD-JhCC)6688 | ||
| 040 |
_aBD-JhCC _cDLC _dBD-JhCC |
||
| 041 | 1 | _aengben | |
| 050 | 0 | 0 |
_aPK1718.J3 _bA25 |
| 082 | 0 | 0 |
_a891/.44/16 _bMOU 1975 |
| 100 | 0 |
_aJasīmauddīna, _d1904-1976. |
|
| 245 | 1 | 0 |
_aSelected poems of Jasim Uddin / _c[translated by] Hasna Jasimuddin Moudud. |
| 260 |
_aDacca : _bMoudud : distributed by Oxford University Press, Bangladesh, _c1975. |
||
| 300 |
_a54 p. : _bill. ; _c22 cm. |
||
| 500 | _aOriginally presented as the editor's thesis (M.A.), University of Dayton, Ohio. | ||
| 504 | _a"Published books of Jasim Uddin": p. 53-54. | ||
| 504 | _aIncludes bibliographical references. | ||
| 600 | 0 | 0 |
_aJasīmauddīna, _d1904-1976 _xTranslations into English. |
| 650 | _aBeengali Poetry | ||
| 700 | 1 |
_aMoudud, Hasna Jasimuddin, _d1946- |
|
| 942 |
_2ddc _cBK |
||